000
00305nam a22001337a 4500
008
170227b xxu||||| |||| 00| 0 eng d
020
_a
9780137204595
041
_a
eng
080
_a
577
100
_a
5
101
_a
SHMD
245
_a
PRINCIPLES OF PHYSICAL BIOCHEMISTRY
_c
JOHNSON, W.C
942
_2
udc
_c
BK
999
_c
6308
_d
6308